Arte cisoria de D. Enrique de Villena : (Record no. 167629)
[ view plain ]
| 000 -LEADER | |
|---|---|
| campo de control de longitud fija | 01379nam a2200277 i 4500 |
| 001 - NÚMERO DE CONTROL | |
| campo de control | 167629 |
| 003 - IDENTIFICADOR DE NÚMERO DE CONTROL | |
| campo de control | ES-MaACL |
| 005 - FECHA Y HORA DE LA ÚLTIMA TRANSACCIÓN | |
| campo de control | 20250716063324.0 |
| 008 - DATOS DE LONGITUD FIJA--INFORMACIÓN GENERAL | |
| campo de control de longitud fija | 931025s1879 sp |||| | spa d |
| 080 ## - NÚMERO DE LA CLASIFICACIÓN DECIMAL UNIVERSAL | |
| Número de la Clasificación Decimal Universal | 642.6(02)"14" |
| 100 0# - ENTRADA PRINCIPAL--NOMBRE DE PERSONA | |
| Nombre de persona | Aragón, Enrique de, |
| Fechas asociadas al nombre | ca. 1384-ca. 1434 |
| Término indicativo de función/relación | Autor |
| 9 (RLIN) | 115239 |
| 245 10 - MENCIÓN DEL TÍTULO | |
| Título | Arte cisoria de D. Enrique de Villena : |
| Resto del título | con varios estudios sobre su vida y obras y muchas notas y apéndices / |
| Mención de responsabilidad, etc. | por Felipe-Benicio Navarro. |
| 260 ## - PUBLICACIÓN, DISTRIBUCIÓN, ETC. | |
| Lugar de publicación, distribución, etc. | Madrid : |
| Nombre del editor, distribuidor, etc. | Murillo ; |
| Lugar de publicación, distribución, etc. | Barcelona : |
| Nombre del editor, distribuidor, etc. | Verdaguer, |
| Fecha de publicación, distribución, etc. | 1879 |
| Lugar de fabricación/manufactura | (Barcelona : |
| Fabricante | Imp. de la Renaixensa, por Pedro Aldavert) |
| 300 ## - DESCRIPCIÓN FÍSICA | |
| Extensión | LXXXVI , 315 páginas, 2 hojas, [1] hoja de lámina ; |
| Dimensiones | 8º |
| 530 ## - NOTA DISPONIBLE DE FORMULARIO FÍSICO ADICIONAL | |
| Nota de formato físico adicional disponible | Disponible en formato digital |
| 599 ## - NOTA A LAS ILUSTRACIONES | |
| NOTA A LAS ILUSTRACIONES | Lámina: retrato de Enrique de Villena. "F.B. Navarro, 1879" |
| 600 14 - PUNTO DE ACCESO ADICIONAL DE MATERIA--NOMBRE DE PERSONA | |
| Nombre de persona | Aragón, Enrique de, |
| Fechas asociadas al nombre | ca. 1384-ca. 1434- |
| Subdivisión de forma | Biografías |
| 9 (RLIN) | 115240 |
| 650 ## - PUNTO DE ACCESO ADICIONAL DE MATERIA--TÉRMINO DE MATERIA | |
| Término de materia o nombre geográfico como elemento de entrada | Arte de servir la mesa- |
| Subdivisión de forma | Obras anteriores a 1800. |
| 9 (RLIN) | 10177 |
| 700 1# - ENTRADA AGREGADA--NOMBRE PERSONAL | |
| Nombre de persona | Navarro, Felipe Benicio, |
| Fechas asociadas al nombre | 1840-1901 |
| Término indicativo de función/relación | Editor literario |
| 9 (RLIN) | 85065 |
| 852 ## - LOCALIZACIÓN | |
| Ubicación | ES-MaACL |
| Ubicación en estantería | Sala Valle Inclán |
| Número de control de estantería | D-2545 |
| Encuadernación | Holandesa |
| 856 ## - LOCALIZACIÓN Y ACCESO ELECTRÓNICOS | |
| Identificador Uniforme de Recursos | <a href="https://bdh-rd.bne.es/viewer.vm?id=0000289633&page=1">https://bdh-rd.bne.es/viewer.vm?id=0000289633&page=1</a> |
| Texto de enlace | Versión en línea |
| Nota pública | (Biblioteca Digital Hispánica) |
| 856 ## - LOCALIZACIÓN Y ACCESO ELECTRÓNICOS | |
| Identificador Uniforme de Recursos | <a href="https://archive.org/details/A041107/page/n11/mode/2up">https://archive.org/details/A041107/page/n11/mode/2up</a> |
| Texto de enlace | Versión en línea |
| Nota pública | (Internet Archive) |
| 942 ## - ELEMENTOS DE ENTRADA SECUNDARIOS (KOHA) | |
| Fuente del sistema de clasificación o colocación | Clasificación decimal universal |
| Tipo de ítem Koha | Libro impreso antiguo |
| Suprimir en OPAC | No |
| Estatus retirado | Estado de pérdida | Estado de daño | No para préstamo | Colección | Biblioteca de origen | Biblioteca actual | Ubicación en estantería | Fecha de adquisición | Fuente de adquisición | Total de préstamos | Signatura topográfica completa | Código de barras | Visto por última vez | Precio de reemplazo | Tipo de ítem Koha |
|---|---|---|---|---|---|---|---|---|---|---|---|---|---|---|---|
| Colección digital | Biblioteca del Ateneo de Madrid | Biblioteca del Ateneo de Madrid | Sala Valle Inclán | 17/01/2008 | D-2545 | 901175863 | 23/02/2023 | 23/02/2023 | Libro impreso antiguo |
